000 00318nam a22001457a 4500
008 230721b ||||| |||| 00| 0 eng d
020 _a9780691036335
041 _aeng
080 _a521
082 _a521MAR
100 _a19
101 _aASTRO
245 _aTHE SUPERNOVA STORY
_cMARSCHALL .A.L
942 _2udc
_cBK
999 _c60195
_d60195